Cómo crear tipografías: del boceto a la pantalla

Guardat en:
Dades bibliogràfiques
Autors principals: Henestrosa, Cristóbal (Autor), Meseguer, Laura (Autor), Scaglione, José (Autor)
Format: Llibre
Idioma:espanyol
Publicat: Madrid Tipo e Editorial 2015
Edició:3a. ed
Matèries:
Etiquetes: Afegir etiqueta
Sense etiquetes, Sigues el primer a etiquetar aquest registre!

MARC

LEADER 00000cam a2200000 a 4500
001 UCD5560
003 CL-VaPUC
008 160915e20150000sp |||||||||||||||||spa|d
020 |a 9788493865429 
082 0 4 |a 686.22  |b HEN  |2 21 
100 0 |a Henestrosa, Cristóbal  |e author  |9 589346 
700 0 |a Meseguer, Laura  |e author  |9 589347 
700 0 |a Scaglione, José  |e author  |9 589348 
245 1 0 |a Cómo crear tipografías: del boceto a la pantalla 
250 |a 3a. ed 
300 |a 150 p 
942 |c BK 
945 |d 20160915 16:42:00  |a dcastane 
260 |a Madrid  |b Tipo e Editorial  |c 2015 
650 0 |a Escritura  |9 264941 
650 7 |a LETRAS ORNAMENTALES  |2 CL-VaPUC  |9 589349 
650 0 |a Signos  |9 337575 
650 0 |a Símbolos  |9 267425 
583 |a last modification  |c 20161122 12:01:06  |k Rodrigo Vera 
999 |c 366213  |d 366211 
952 |0 0  |1 0  |3 erb  |4 0  |6 686_220000000000000_HEN_2015  |7 0  |8 A  |9 480280  |a BIBARQ  |b BIBARQ  |i 534204K  |l 11  |m 7  |o 686.22 HEN 2015  |p 534204K  |r 2025-01-20  |s 2024-11-14  |w 2019-11-24  |y BK  |z Catalogado en:20160915  |k ARQ